00788nam a2200229Ia 4500008004100000041001200041082001100053100005800064245004800122260002700170300000800197365000700205520002000212546001200232630004800244650002000292655002000312730004800332942000900380999001900389952015000408101110s9999 xx 000 0 und d aENGLISH bMSC121 aAgronomov A.E., Bolesov, I.G. Potapov V.M. and others aProblems and exercises in organic chemistry bMir Publishers, Moscow a341 b75 aM.Sc. Chemistry aENGLISH aProblems and exercises in organic chemistry aM.Sc. Chemistry aM.Sc. Chemistry aProblems and exercises in organic chemistry cBOOK c797326d797323 00104070aDBJbDBJc21Ad0000-00-00eDonated by Prashant Gopal Hirlekar, Chiplung75.00j4l0pDBJMSC121r2010-11-11 00:00:00w2010-11-11yBOOK